Warszawa - miejscowości obsługiwane przez warszawskie autobusy (WTP) - Statystyki

Ogólne statystyki
  • Ten quiz został rozwiązany 174 razy
  • Średni wynik to 47 z 339
Statystyki odpowiedzi
Lp Pierwsza litera Miejscowość % Poprawnych
215 P Piaseczno
72%
154 Ł Łęg
70%
233 P Pruszków
70%
139 L Legionowo
67%
169 M Marki
67%
208 O Otwock
65%
331 Z Ząbki
62%
155 Ł Łomianki
60%
127 K Konstancin Jeziorna
57%
216 P Piastów
57%
313 W Wołomin
55%
235 R Radzymin
52%
334 Z Zielonka
52%
85 J Janki
50%
209 O Ożarów Mazowiecki
50%
275 S Sulejówek
50%
288 W Warszawa
50%
99 J Józefów
49%
100 J Józefów k. Legionowa
49%
237 R Raszyn
49%
69 G Góra
48%
70 G Góra Kalwaria
46%
119 K Kobyłka
45%
140 L Leszno
43%
191 N Nowy Dwór Mazowiecki
43%
80 I Izabelin
40%
81 I Izabelin k. Nieporętu
40%
181 N Nadarzyn
40%
266 S Stare Babice
40%
83 J Jabłonna
38%
183 N Nieporęt
37%
108 K Karczew
36%
58 D Dziekanów Leśny
33%
281 T Truskaw
33%
314 W Wólka
33%
141 L Lesznowola
32%
294 W Wieliszew
32%
332 Z Zegrze Południowe
32%
291 W Wiązowna
31%
45 C Czosnów
30%
26 C Chotomów
29%
46 D Dawidy
29%
98 J Józefosław
28%
204 O Opacz
28%
210 P Palmiry
28%
106 K Kampinos
27%
184 N Nowa Iwiczna
27%
316 W Wólka Kosowska
27%
158 Ł Łoś
26%
328 Z Zalesie Górne
25%
12 B Blizne Łaszczyńskiego
24%
337 Z Złotokłos
24%
186 N Nowe Babice
23%
246 R Rzakta
23%
311 W Wolica
23%
312 W Wolica k. Płochocina
23%
327 Z Zakręt
23%
2 A Antoninów
22%
261 S Stanisławów
22%
118 K Klaudyn
21%
129 K Kosów
21%
179 M Mysiadło
21%
224 P Płochocin
21%
245 R Rynia
21%
8 B Białobrzegi
19%
175 M Mory
19%
329 Z Zamienie
19%
1 A Aleksandrów
18%
11 B Blizne Jasińskiego
18%
33 C Cybulice Duże
18%
47 D Dawidy Bankowe
18%
128 K Koprki
18%
151 Ł Łazy
18%
164 M Majdan
18%
165 M Majdan k. Wołomina
18%
168 M Mariew
18%
173 M Młochów
18%
182 N Nadma
18%
232 P Prażmów
18%
250 S Sieraków
18%
251 S Sieraków k. Radzymina
18%
269 S Stare Załubice
18%
322 Z Zaborów
18%
18 B Borzęcin Duży
17%
61 F Falenty
17%
86 J Janów
17%
163 M Magdalenka
17%
171 M Michałów Reginów
17%
207 O Ossów
17%
265 S Stara Wieś
17%
50 D Dębina
16%
71 G Góraszka
16%
112 K Kąty
16%
121 K Koczargi Stare
16%
138 L Latchorzew
16%
145 L Lipków
16%
190 N Nowe Załubice
16%
238 R Rembelszczyzna
16%
256 S Słupno
16%
21 B Bronisze
15%
66 G Głosków
15%
116 K Kępa Okrzewska
15%
137 L Laski
15%
156 Ł Łomna
15%
178 M Mroków
15%
255 S Słomczyn
15%
59 D Dziekanów Polski
14%
10 B Bielawa
14%
113 K Kąty Węgierskie
14%
227 P Podolszyn
14%
4 B Baniocha
13%
19 B Borzęcin Mały
13%
23 B Brzeziny
13%
27 C Chylice
13%
44 C Czersk
13%
64 G Gassy
13%
93 J Jazgarzew
13%
117 K Kiełpin
13%
120 K Koczargi Nowe
13%
185 N Nowa Wola
13%
203 O Ołtarzew
13%
264 S Stara Iwiczna
13%
326 Z Zagórze
13%
325 Z Zagościniec
13%
335 Z Zielonki
13%
13 B Bobrowiec
12%
78 H Hornówek
12%
196 O Obory
12%
323 Z Zaborówek
12%
22 B Brześce
11%
48 D Dąbkowizna
11%
56 D Duczki
11%
65 G Glinianka
11%
68 G Gołków
11%
77 H Hipolitów
11%
101 J Julianów
11%
102 J Julianów k. Czachówka
11%
125 K Konik Nowy
11%
126 K Konik Stary
11%
149 Ł Łajski
11%
166 M Malcanów
11%
177 M Mościska
11%
199 O Okrzeszyn
11%
213 P Paszków
11%
234 R Radiówek
11%
248 S Sękocin Las
11%
263 S Stanisławów Pierwszy
11%
270 S Stary Sękocin
11%
277 S Szczaki
11%
306 W Wola Karczewska
11%
319 W Wólka Radzymińska
11%
338 Ż Żabieniec
11%
333 Z Zgorzała
11%
37 C Czarna
10%
38 C Czarnów
10%
75 H Helenów k. Wołomina
10%
76 H Henryków Urocze
10%
111 K Kąck
10%
103 K Kajetany
10%
124 K Komornica
10%
148 Ł Łady
10%
195 N Nowy Sękocin
10%
205 O Opacz Kolonia
10%
219 P Pilaszków
10%
236 R Rajszew
10%
293 W Wiejca
10%
301 W Władysławów
10%
302 W Wojcieszyn
10%
20 B Boża Wola
9%
28 C Chyliczki
9%
34 C Czachówek
9%
41 C Cząstków Mazowiecki
9%
42 C Cząstków Polski
9%
55 D Duchnów
9%
90 J Jastrzębiec
9%
91 J Jawczyce
9%
109 K Kawęczyn
9%
122 K Kolonia Lesznowola
9%
170 M Marysin
9%
202 O Olszewnica Stara
9%
214 P Pęclin
9%
244 R Rybie
9%
253 S Skierdy
9%
254 S Skrzeszew
9%
267 S Stare Grabie
9%
272 S Strzeniówka
9%
283 T Turów
9%
297 W Wiktorów
9%
308 W Wola Mrokowska
9%
57 D Dziechciniec
8%
136 K Kwirynów
8%
162 M Macierzysz
8%
240 R Rozalin
8%
259 S Sowia Wola
8%
262 S Stanisławów Drugi
8%
271 S Stefanowo
8%
284 U Umiastów
8%
285 U Urzut
8%
298 W Wilcza Góra
8%
60 E Emów
7%
82 I Izabelin Dziekanówek
7%
92 J Jaworowa
7%
107 K Kaputy
7%
123 K Kolonia Warszawska
7%
132 K Krubin
7%
146 L Lipowo
7%
187 N Nowe Grabie
7%
212 P Parole
7%
218 P Pieńków
7%
239 R Robercin
7%
247 S Sadowa
7%
273 S Strzykuły
7%
279 Ś Święcice
7%
289 W Walendów
7%
3 A Augustówek
6%
6 B Bąkówka
6%
62 G Gabryelin
6%
88 J Janówek Pierwszy
6%
135 K Kuleszówka
6%
147 L Lubiczów
6%
172 M Michałówek
6%
174 M Moczydłów
6%
211 P Parcela
6%
220 P Pilawa
6%
243 R Rusiec
6%
257 S Sobików
6%
282 T Turowice
6%
286 U Ustanów
6%
304 W Wola Ducka
6%
309 W Wola Prażmowska
6%
321 W Wyględy
6%
336 Z Zielonki Parcela
6%
7 B Beniaminów
5%
24 C Cegielnia
5%
30 C Cięciwa
5%
79 I Izabela
5%
104 K Kałuszyn
5%
131 K Krakowiany
5%
159 Ł Łoziska
5%
193 N Nowy Podolszyn
5%
194 N Nowy Prażmów
5%
197 O Obórki
5%
268 S Stare Lipiny
5%
274 S Suchocin
5%
287 U Uwieliny
5%
296 W Wierzbin
5%
299 W Wilkowa Wieś
5%
307 W Wola Krakowiańska
5%
339 Ż Żanęcin
5%
5 B Baszkówka
4%
15 B Borki
4%
17 B Boryszew
4%
25 C Cendrowice
4%
29 C Cieciszew
4%
40 C Czarny Las
4%
54 D Dobrzyń
4%
72 G Grądy
4%
74 H Habdzin
4%
84 J Janczewice
4%
87 J Janów Mikołajówka
4%
94 J Jesionka
4%
96 J Jesówka
4%
97 J Jeziórko
4%
105 K Kamionka
4%
130 K Kostowiec
4%
152 Ł Łąki
4%
153 Ł Łbiska
4%
142 L Leśniakowizna
4%
144 L Lipinki
4%
157 Ł Łomna Las
4%
160 Ł Łubna
4%
176 M Mostówka
4%
180 M Myszczyn
4%
188 N Nowe Lipiny
4%
201 O Olszewnica Nowa
4%
206 O Orzeszyn
4%
217 P Pieczyska
4%
222 P Piskórka
4%
228 P Pogroszew
4%
231 P Pólko
4%
242 R Runów
4%
249 S Siedliska
4%
258 S Solec
4%
260 S Sowia Wola Folwarczna
4%
276 S Szamoty
4%
280 T Tomice
4%
295 W Wieruchów
4%
303 W Wola Aleksandra
4%
35 C Czaplin
3%
36 C Czaplinek
3%
43 C Czernidła
3%
51 D Dębówka
3%
52 D Dębówka k. Góry Kalwarii
3%
114 K Kędzierówka
3%
115 K Kępa Oborska
3%
133 K Krupia Wólka
3%
167 M Małocice
3%
200 O Okunin
3%
225 P Poddębie
3%
229 P Pogroszew Kolonia
3%
230 P Poniatów
3%
290 W Wągrodno
3%
305 W Wola Gołkowska
3%
14 B Bogatki
2%
16 B Borowina
2%
31 C Ciszyca
2%
39 C Czarnówka
2%
49 D Dąbrowa Chotomowska
2%
53 D Dobiesz
2%
67 G Głosków Letnisko
2%
134 K Krzaki Czaplinkowskie
2%
150 Ł Ławki
2%
192 N Nowy Dziekanów
2%
278 S Szymanów
2%
292 W Wiązowna Kościelna
2%
317 W Wólka Kozodawska
2%
318 W Wólka Pracka
2%
330 Z Zawodne
2%
9 B Biały Ług
1%
63 G Garbatka
1%
73 G Grochowa Pęchery
1%
110 K Kawęczynek
1%
143 L Linin
1%
161 Ł Łyczyn
1%
189 N Nowe Wągrodno
1%
198 O Obręb
1%
221 P Piotrówek Mały
1%
223 P Pławy
1%
226 P Podłęcze
1%
241 R Rudka
1%
252 S Sierzchów
1%
300 W Wincentów
1%
310 W Wola Wągrodzka
1%
315 W Wólka Dworska
1%
320 W Wrzosówka
1%
324 Z Zadębie
1%
32 C Coniew
0%
89 J Jaroszowa Wola
0%
95 J Jesionowa
0%
Nie znaleziono quizów pasujących do podanych kryteriów
Rozkład punktacji
Procent ludzi z każdym wynikiem
Percentyl według liczby udzielonych odpowiedzi
Twoja historia wyników
Nie rozwiązałeś tego quizu